Design and analysis of computer algorithms (Record no. 166584)

000 -LEADER
fixed length control field 00393nam a2200133Ia 4500
008 - FIXED-LENGTH DATA ELEMENTS--GENERAL INFORMATION
fixed length control field 220217s9999||||xx |||||||||||||| ||und||
020 ## - INTERNATIONAL STANDARD BOOK NUMBER
International Standard Book Number 81-7808-103-2
082 ## - DEWEY DECIMAL CLASSIFICATION NUMBER
Classification number 005.1 AHOaaa
100 ## - MAIN ENTRY--PERSONAL NAME
Personal name Aho, Alfred, V. Hopcroft, John E. etal
245 #0 - TITLE STATEMENT
Title Design and analysis of computer algorithms
260 ## - PUBLICATION, DISTRIBUTION, ETC.
Place of publication, distribution, etc. addison Weisley
Name of publisher, distributor, etc. Harlow
Date of publication, distribution, etc. 2001
300 ## - PHYSICAL DESCRIPTION
Other physical details 260
650 ## - SUBJECT ADDED ENTRY--TOPICAL TERM
Topical term or geographic name entry element PROGRAMMING LANGUAGE
Holdings
Withdrawn status Lost status Damaged status Not for loan Collection code Home library Current library Shelving location Date acquired Full call number Barcode Date last seen Price effective from Koha item type
        Computer Science and Engineering Central Library Central Library Book Cart 02/18/2022 005.1 AHOaaa 1773 02/18/2022 02/18/2022 Books

Powered by Koha